Planeacin̤ de las Fuentes de Financiamiento

Bibliographic Details
Main Author: Haime Levy, Luis
Format: eBook
Language:Spanish
Published: Mx̌ico D.F. : Ediciones Fiscales ISEF, 2008
Subjects:
Online Access:http://www.vlex.com/source/11007

MARC

LEADER 00000nam a22000007a 4500
005 20130502151548.0
007 cr|||| ||||
008 130502e2008 mx |||||s|||| 00||0 spa d
020 |a 978-970-811-200-0 
035 |a 11007 
040 |a vLex 
090 |c 4243  |d 4243 
100 1 0 |a Haime Levy, Luis 
245 1 0 |a Planeacin̤ de las Fuentes de Financiamiento  |c / Luis Haime Levy   |h [Recurso electrn̤ico] 
256 |a Servicio en ln̕ea 
260 |a Mx̌ico D.F. :  |b Ediciones Fiscales ISEF,   |c 2008 
300 |a 1 Recurso electrn̤ico 
506 |d vLex Global  |d vLex Global (Academic Edition, excluding Law Schools)  |d vLex Global (U.S. Academic Edition, Law Schools)  |d vLex Global (U.S. Academic Edition, excluding Law Schools)  |d vLex Global (Academic Edition, Law Schools) 
650 0 4 |a Administracin̤ (Management) 
650 0 4 |a Contabilidad 
650 0 4 |a Finanzas 
740 |a vLex Libros (Servicio en ln̕ea) 
856 |a Acceso restringido  |u http://www.vlex.com/source/11007 
942 |c BOOK 
999 0 |a Management